Βιολογική επεξεργασία λυμάτων

Αποθηκεύτηκε σε:
Λεπτομέρειες βιβλιογραφικής εγγραφής
Κύριος συγγραφέας: Δεληγιάννης, Ανδρέας Θ.
Μορφή: Βιβλίο
Γλώσσα:Greek
Δημοσίευση: Αθήνα : University Studio Press, 2009.
Θέματα:
Ετικέτες: Προσθήκη ετικέτας
Δεν υπάρχουν, Καταχωρήστε ετικέτα πρώτοι!

MARC

LEADER 00000nam a2200000 a 4500
001 1/110918
008 160601s2009####gr | ||| |||| ||gre||
020 |a 9789601218267  
040 |a GR-MyUa  |b gre  |c GR-MyUa  |e AACR2 
041 0 |a gre 
082 7 |a 628.3   |2 (23)  
100 1 |a Δεληγιάννης, Ανδρέας Θ. 
245 1 0 |a Βιολογική επεξεργασία λυμάτων /   |c Ανδρέας Θ. Δεληγιάννης.  
260 |a Αθήνα :   |b University Studio Press,   |c 2009.  
300 |a 220 σ. ;   |c 24 εκ.  
504 |a Περιλαμβάνει βιβλιογραφία.  
650 0 |a Sewage  |x Purification  |x Biological treatment. 
852 |a INST  |b LESVOS  |c EUDOXUS  |e 20160601  |h 628.3 ΔΕΛ  |p 005100058544  |q 005100058544  |t EDX  |y 0 
920 |a Εύδοξος  |b Παραγγελία  |y Λέσβος-ΤΠ  |z 2016-04 
970 |a Τζαφέρη  |b Ευγγελία  |z 01-06-2016